Lyrics - Filow Rasenschach - Statistiken

Allgemein
  • Dieses Quiz wurde 1.020 mal gespielt
  • Das Durchschnittsergebnis liegt bei 198 aus 324
Antwortstatistiken
Lyric % Korrekt
auf
93%
der
93%
Deutschland
93%
Sie
92%
sie
92%
ein
91%
Fotze
90%
ick
88%
Ick
88%
für
85%
in
85%
ick
82%
is
82%
Klebetattoo
81%
ra
81%
mein
79%
trägt
78%
Glotze
76%
vor
75%
ab
74%
sitz
74%
jetz
73%
muss
73%
Schwanz
73%
Ja
72%
ja
72%
ob
72%
Runde
72%
und
72%
blasen
71%
Eckige
71%
fragt
71%
ins
71%
mich
70%
Stammtisch
70%
ta
70%
unter'm
70%
Wir
70%
aber
68%
Nein
68%
Rasenschach
68%
Trainingsanzug
67%
Anpfiff
66%
darf
66%
Icke
66%
Pimmel
66%
alle
64%
Fettiges
64%
Gleich
64%
meine
64%
bin
63%
Fressen
63%
zum
63%
Bier
62%
brauch
62%
Tisch
62%
nich
61%
Scheiß
61%
mir
60%
Nazis
59%
se
59%
dem
58%
dit
58%
Fließentisch
58%
ihr
58%
Tanke
58%
von
58%
wat
58%
Frisch
57%
Funny
57%
Mann
57%
vegan
57%
Chips
56%
Platz
56%
dicht
55%
Hakenkreuz
55%
Ölf
55%
weil
54%
töten
53%
war
53%
wär
53%
wird
52%
lebe
51%
mit
51%
Pyrotechnik
51%
Rot
51%
Verbrechen
51%
keen
50%
meinen
50%
voll
50%
Atzenvolk
49%
den
49%
ejal
49%
fackeln
49%
ratzevoll
49%
Schwarz
49%
im
48%
so
47%
Absicht
46%
allet
46%
Glas
46%
Jold
46%
janz
45%
sing
45%
die
44%
kricht
44%
Strophe
44%
Erste
43%
jekickt
42%
welchet
41%
zwei
41%
mach
40%
Stück
40%
wie
40%
hab
39%
Deutschlandflagge
38%
Fußball
37%
keene
37%
Keene
37%
Jesicht
36%
Bälle
35%
spiel
35%
Frosch
34%
Liebe
34%
liebe
34%
Walter
34%
als
33%
hält
33%
Kippen
33%
doch
32%
Eigentor
32%
Kahn
32%
macht
32%
nur
32%
Sport
32%
Gündogan
31%
jeplant
31%
Alarm
29%
Alerta
29%
Socken
29%
trotzdem
29%
zwar
29%
danach
27%
einjelocht
27%
spielt
27%
jekorbt
26%
einjenetzt
24%
Püppis
24%
Fascho
23%
höre
23%
selber
23%
inne
21%
och
17%
eenen
15%
Keine übereinstimmenden Quizze gefunden
Verteilung der Resultate
Anzahl Personen mit jedem Resultat
Perzentil nach korrekt beantworteten Fragen
Ihre Resultats-Entwicklung
Sie haben dieses Quiz noch nicht gespielt